000 00355nam a2200145Ia 4500
008 230711s9999||||xx |||||||||||||| ||und||
041 _aENG
082 _a621
_bMA-E
100 _aMaloney,Timothy J
245 0 _aElectric circuits
250 _a1st Ed.
260 _c1992
_aNew Delhi
_bPradeep publishers
650 _aElectronics Engineering
942 _cBK
999 _c3014
_d3014